000 00675nam a2200229Ia 4500
003 OSt
005 20240821145350.0
008 210210b2019 xxu||||| |||| 00| 0 eng d
040 _cAL
041 _aKonkani/nagari
082 _a891.468 QUAV
100 _aQUADROS (Valley)
_dವಲ್ಲಿ ಕ್ವಾಡ್ರಸ್
_9168317
245 _aVichar uchar
_bವಿಚಾರ್ ಉಚಾರ್
260 _aMangaluru
_bKarnataka Konkani Sahitya Akademy.
_c2019
300 _avii,81
650 _avuchar
_9168318
650 _aVichar
_9168319
690 _aKonkani Miscellaneous
_9168320
700 _aKVADRAS (Valli) Ed
_9168321
906 _a073791
942 _2ddc
_cBK
999 _c123585
_d123585